Caricamento...
Manassukondu oru matakkayathra
| Autore principale: | |
|---|---|
| Natura: | Printed Book |
| Pubblicazione: |
Kottayam, N B S
1976
|
| Soggetti: |
| LEADER | 004860000a22001690004500 | ||
|---|---|---|---|
| 022 | |a 21-07-2004 | ||
| 041 | |a Malayalam | ||
| 082 | |a A3 PAR/M L6 | ||
| 100 | |a Parappurathu | ||
| 245 | |a Manassukondu oru matakkayathra | ||
| 260 | |a Kottayam, N B S | ||
| 260 | |c 1976 | ||
| 650 | |a Malayalam literature | ||
| 650 | |a Novel | ||
| 942 | |c BK | ||
| 999 | |c 144411 |d 144407 | ||
| 952 | |0 0 |1 0 |4 0 |6 A_3_000000000000000_PAR_M_L6 |7 0 |9 143188 |a SCC |b SCC |d 2017-10-11 |l 0 |o A3 PAR/M L6 |p SCC04434 |r 2017-10-11 |w 2017-10-11 |y BK | ||